<The> Comparison of Eft's Performance Related to the Tracking Error

Saved in:
Bibliographic Details
Main Author: Dorocáková, Michaela
Format: Book Chapter
Language:English
Tags: Add Tag
No Tags, Be the first to tag this record!

MARC

LEADER 00000naa$a2200000$$$4500
001 0220146
005 20240502073623.9
041 0 |a eng 
044 |a SK 
245 1 0 |a <The> Comparison of Eft's Performance Related to the Tracking Error  |c Michaela Dorocáková 
500 |a Abstrakt 
100 1 |a Dorocáková, Michaela